Your rights : (Record no. 123735)

MARC details
000 -LEADER
fixed length control field 00867nam a22002777a 4500
003 - CONTROL NUMBER IDENTIFIER
control field dpl
005 - DATE AND TIME OF LATEST TRANSACTION
control field 20180806142535.0
008 - FIXED-LENGTH DATA ELEMENTS--GENERAL INFORMATION
fixed length control field 180806b xxu||||| |||| 00| 0 eng d
010 ## - LIBRARY OF CONGRESS CONTROL NUMBER
LC control number B-161054
020 ## - INTERNATIONAL STANDARD BOOK NUMBER
Terms of availability 00
International Standard Book Number 9780074532270
035 ## - SYSTEM CONTROL NUMBER
System control number B-161054, B-161058
037 ## - SOURCE OF ACQUISITION
Source of stock number/acquisition Cen Lib/Ret
040 ## - CATALOGING SOURCE
Original cataloging agency DPL
Language of cataloging EN
Transcribing agency 0
082 ## - DEWEY DECIMAL CLASSIFICATION NUMBER
Classification number 323
Item number YOU
245 ## - TITLE STATEMENT
Title Your rights :
Statement of responsibility, etc edited by Megan Addis [and] Penelope Morrow
Remainder of title the liberty guide to human rights /
250 ## - EDITION STATEMENT
Edition statement 8th ed.
260 ## - PUBLICATION, DISTRIBUTION, ETC. (IMPRINT)
Place of publication, distribution, etc London
Name of publisher, distributor, etc Pluto Press
Date of publication, distribution, etc 2005
270 ## - ADDRESS
City London
Address 345 archway road
Postal code 48106
300 ## - PHYSICAL DESCRIPTION
Extent xviii, 440p.
Dimensions 22cm(pbk)
500 ## - GENERAL NOTE
General note Includes bibliographical references and index
650 ## - SUBJECT ADDED ENTRY--TOPICAL TERM
Topical term or geographic name as entry element Human rights
9 (RLIN) 74022
650 ## - SUBJECT ADDED ENTRY--TOPICAL TERM
Topical term or geographic name as entry element Fundamental rights
9 (RLIN) 5
700 ## - ADDED ENTRY--PERSONAL NAME
Personal name Addis, Megan
9 (RLIN) 7869
700 ## - ADDED ENTRY--PERSONAL NAME
Personal name Morrow, Penelope
9 (RLIN) 7870
942 ## - ADDED ENTRY ELEMENTS (KOHA)
Source of classification or shelving scheme Dewey Decimal Classification
Koha item type English Books
Classification part 323
Call number suffix YOU
Holdings
Withdrawn status Lost status Damaged status Not for loan Home library Current library Date acquired Source of acquisition Cost, normal purchase price Total Checkouts Full call number Barcode Date last seen Date checked out Copy number Cost, replacement price Price effective from Koha item type Source of classification or shelving scheme Collection code Total Renewals
        Central Library Central Library 11/06/2015 Cen Lib/Ret 0.00 6 323 YOU B-161054 18/04/2022 01/04/2022 1 0.00 11/06/2015 English Books      
        Shahdara Branch Shahdara Branch 06/08/2018 BPPD/PUB 0.00 2 323 YOU B-161058 13/09/2022 08/09/2022   0.00 06/08/2018 English Books Dewey Decimal Classification Non-fiction 1

© Delhi Public Library
Hit Counter
free hit counter